000 01219nam a22003257a 4500
003 CHAP
005 20220329141646.0
008 971013s1968 r 00010 d
010 _a71764
011 _a72736
035 _a82292
040 _cCHAP
090 _aFolleto 958
100 0 0 _aGambin, Lincoln.
_944560
245 _aEfecto de las tomas de jugo de rumen y de antihelmínticos en terneros destetados
260 _aMontevideo :
_bUniversidad del Trabajo del Uruguay. Departamento de Dacumentación e Información,
_c1968
300 _a10 h.
490 _aDepartamento de Documentación e Información. Montevideo. Reporte
_v; 4
590 _aBATCH-UPD
_b10
_c20130110
_lUCH01
_h2226
590 _aBATCH-UPD
_b10
_c20130410
_lUCH01
_h1522
590 _aBATCH-UPD
_b10
_c20130914
_lUCH01
_h1529
590 _aCONVERSION
_b10
_c20130109
_lUCH01
_h1339
650 1 4 _aGanado vacuno
_xAnatomía y fisiología.
_945433
650 1 4 _aGanado vacuno
_xMejoramiento.
_945480
650 1 4 _aParasiticidas
_xEfecto en animales.
_985464
830 0 _aDepartamento de Documentación e Información. Montevideo. Reporte
_v; 4
_931827
901 _aBK
942 _cFOLL
949 _aFolleto 958
_bBC
_cFOLL
_d-36266
_eTS1
_i82292
_si
999 _c71764
_d71764